Municipalities of Chiba - Click Map - Statistics

General Stats
  • This quiz has been taken 27 times
  • The average score is 26 of 54
Answers on the Map
Answers color-coded by a green-red scale on the quiz's map according to % correct below.
 
Answer Stats
Answer % Correct
Chiba 千葉市 ちばし
86%
Narita 成田市 なりたし
86%
Urayasu 浦安市 うらやすし
86%
Abiko 我孫子市 あびこし
71%
Choshi 銚子市 ちょうしし
71%
Ichikawa 市川市 いちかわし
71%
Matsudo 松戸市 まつどし
71%
Minamiboso 南房総市 みなみぼうそうし
71%
Nagareyama 流山市 ながれやまし
71%
Narashino 習志野市 ならしのし
71%
Noda 野田市 のだし
71%
Funabashi 船橋市 ふなばしし
57%
Futtsu 富津市 ふっつし
57%
Ichihara 市原市 いちはらし
57%
Ichinomiya 一宮町 いちのみやまち
57%
Isumi いすみ市 いすみし
57%
Kamagaya 鎌ケ谷市 かまがやし
57%
Kashiwa 柏市 かしわし
57%
Kimitsu 君津市 きみつし
57%
Kisarazu 木更津市 きさらづし
57%
Sakura 佐倉市 さくらし
57%
Sosa 匝瑳市 そうさし
57%
Tateyama 館山市 たてやまし
57%
Yotsukaido 四街道市 よつかいどうし
57%
Asahi 旭市 あさひし
43%
Chosei 長生村 ちょうせいむら
43%
Inzai 印西市 いんざいし
43%
Kujukuri 九十九里町 くじゅうくりまち
43%
Kyonan 鋸南町 きょなんまち
43%
Mutsuzawa 睦沢町 むつざわまち
43%
Oamishirasato 大網白里市 おおあみしらさとし
43%
Otaki 大多喜町 おおたきまち
43%
Sakae 栄町 さかえまち
43%
Shibayama 芝山町 しばやままち
43%
Shiroi 白井市 しろいし
43%
Shisui 酒々井町 しすいまち
43%
Sodegaura 袖ヶ浦市 そでがうらし
43%
Tako 多古町 たこまち
43%
Tomisato 富里市 とみさとし
43%
Tonosho 東庄町 とうのしょうまち
43%
Yachiyo 八千代町 やちよまち
43%
Chonan 長南町 ちょうなんまち
29%
Kamogawa 鴨川市 かもがわし
29%
Katori 香取市 かとりし
29%
Katsuura 勝浦市 かつうらし
29%
Kozaki 神崎町 こうざきまち
29%
Onjuku 御宿町 おんじゅくまち
29%
Sanmu 山武市 さんむし
29%
Togane 東金市 とうがねし
29%
Yachimata 八街市 やちまたし
29%
Yokoshibahikari 横芝光町 よこしばひかりまち
29%
Mobara 茂原市 もばらし
14%
Nagara 長柄町 ながらまち
14%
Shirako 白子町 しらこまち
14%
No matching quizzes found
Score Distribution
Percent of People with Each Score
Percentile by Number Answered
Your Score History
You have not taken this quiz